[Event "MK Cafe Cup-A"]
[Site "Koszalin"]
[Date "1999.08.03"]
[Round "1"]
[White "Kempinski, Robert"]
[Black "Przedmojski, Rafal"]
[Result "1-0"]
[WhiteElo "2549"]
[BlackElo "2405"]
[Annotator "Tyomkin,D"]
[PlyCount "72"]
[EventDate "1999.08.03"]
[EventType "swiss"]
[EventRounds "9"]
[EventCountry "POL"]
[SourceTitle "CBM 073"]
[Source "ChessBase"]
[SourceDate "1999.12.01"]
[SourceVersion "1"]
[SourceVersionDate "1999.12.01"]
[SourceQuality "1"]

1. d4 e6 2. c4 f5 3. Nc3 Nf6 4. Qc2 Bb4 {Now white has a choice between
exchange of Bb4 at once by 5.a3,or to delay it by continuing to develop pieces
with 5.Bd2, and then e3,Bd3 and so on.} 5. Bd2 (5. a3 Bxc3+ 6. Qxc3 {Getting
position which is semilar to Nimtzo-Indian,line with Qc2.} O-O 7. Nf3 b6 8. g3
Bb7 9. Bg2 d6 10. O-O Qe7 11. b4 a5 12. Bb2 Nbd7 13. Rad1 axb4 14. axb4 Be4 (
14... b5 15. d5 $5 Ne4 16. Qc1 Nb6 17. Nd4 exd5 18. cxd5 Bxd5 19. f3 Ng5 20.
Nxb5 Ne6 $11 {1-0 Chabanon,J-Lobron,E/Germany-France(M-04) 1993 (36)}) 15. Ra1
b5 16. cxb5 Nb6 17. Ra5 Qd7 18. Rfa1 Rab8 $11 {1/2-1/2 Hoffman,A-Giaccio,A/
Cordoba ARG 1998 (56)}) 5... O-O (5... b6 6. e3 Bb7 7. f3 c5 8. Bd3 cxd4 9.
exd4 Nc6 10. Nge2 O-O 11. O-O Rc8 12. a3 Bd6 13. b4 $14 {1/2-1/2 Doroshkievich,
V-Moskalenko,V/Rostov op 1993 (45)}) 6. Nf3 (6. e3 b6 (6... d6 7. Bd3 Nc6 8.
Nge2 a5 9. a3 Bxc3 10. Nxc3 e5 11. Nb5 exd4 12. exd4 Re8+ 13. Kf1 Ne7 14. Bg5 {
1/2-1/2 Doroshkievich,V-Gleizerov,E/St.Petersburg 1995 (14)}) 7. Bd3 Bb7 8. f3
c5 9. Nge2 Nc6 10. a3 Bxc3 (10... Ba5 11. O-O Qe7 12. Rae1 Rac8 13. dxc5 bxc5
14. e4 fxe4 15. Nxe4 Bxd2 16. Qxd2 Rb8 17. Qe3 Nxe4 18. Bxe4 Na5 $132 {1/2-1/2
Jonathan Tisdall IM-Lars Bo Hansen GM/Reykjavik Zt 1995 (95)}) 11. Bxc3 d5 $6
12. dxc5 bxc5 13. Bxf6 Rxf6 14. cxd5 Qa5+ 15. Kf2 exd5 16. Bxf5 $16 {1-0
Ufimtsev Anatoly-Rovner Dmitry/ch URS (1/2 final) Sverdlovsk (RUS) 1947/Inf 01
(62)}) 6... d6 (6... b6 $5 {[%cal Gc8b7]}) 7. e3 c5 8. Bd3 Nc6 9. O-O b6 10. a3
Ba5 11. Rad1 Qe7 12. Qb1 (12. d5 $5 Bxc3 (12... exd5 13. Nxd5 Nxd5 14. cxd5
Bxd2 15. dxc6 Ba5 16. Bc4+ Be6 (16... Kh8 17. Qa4 $16 {[%cal Gb2b4]}) 17. b4
cxb4 18. axb4 Bxb4 19. Qb3 Bxc4 (19... d5 20. Bxd5 Bxd5 21. Rxd5 Kh8 22. Re5
Qd6 23. Rd1 $18) 20. Qxc4+ d5 21. Rxd5 Kh8 22. Nd4 $36 (22. Rd7 Qc5)) 13. Bxc3
Nd8 14. dxe6 g6 {comparing with the game, white gains a tempo.}) 12... g6 13.
d5 Bxc3 (13... exd5 $2 14. Nxd5 Nxd5 15. cxd5 {[%cal Rb2b4]} Bxd2 16. dxc6 {
trapping the bishop.}) 14. Bxc3 Nd8 15. b4 (15. dxe6 Nxe6 {[%cal Gc8b7] black
looks safe.}) 15... e5 16. Nd2 Nb7 $6 {From this moment black had played very
strange way.I don't see a good for black to put the knight to such passive
place.} 17. f4 e4 (17... exf4 18. exf4 Qe3+ 19. Kh1 Ng4 20. Ba1 $1 {[%cal
Gb1b2]} Nf2+ 21. Rxf2 Qxf2 22. Nf3 $18 (22. Qb2 Qd4)) 18. Be2 {White has big
space advantage on both side.In the game white turned on the queenside by Nb3
and b4xc5.On other hand white could open the kingside by g2-g4.Whites pressure
on diagonal a1-h8 would be importent in this case.} h5 {preventing g2-g4 break.
} 19. h3 Bd7 20. Ba1 Kf7 21. Nb3 a5 $2 {creating another weakness-on b6.} 22.
bxc5 bxc5 23. Rd2 a4 24. Nc1 Na5 25. Rb2 Qd8 26. Qc2 (26. Rb6 $6 Rb8) 26... Ke7
27. Qc3 Rf7 28. Rd1 {[%cal Gd1d2] Whites advantage is obvious,but blacks
following move allows white to begin decisive attack.} Qg8 $2 29. Rb6 Ne8 $2 (
29... Bc8 $8 30. Rd2 {[%cal Gd2b2]}) {[%tqu "En","","","","b6d6","",10]} 30.
Rxd6 $1 {Black simply didn't refute whites threat.} Nxd6 31. Qe5+ Kd8 32. Qxd6
{Whites attack developes by itself.Black is hopeless against whites threats.}
Nb7 33. Qb6+ Kc8 34. Be5 Be8 35. Na2 {[%cal Ga2c3,Yc3b5,Yc3d5,Yd5d6] Another
white piece decisively comes to attack.} Rh7 36. Nc3 Qf7 {Probably black lost
on time in this position,but he could survive just for few moves more:} (36...
Qf7 37. d6 {[%cal Rd6d7]} Qd7 38. Nd5 {[%cal Rd5f6,Rd5c7]} Rf7 39. Nc7 Rb8 40.
Nxe8 Qxe8 41. d7+ $18) 1-0

[Event "FRA-ch Prelim Gr-A"]
[Site "Besancon"]
[Date "1999.08.16"]
[Round "1"]
[White "Benitah, Yohan"]
[Black "Bricard, Emmanuel"]
[Result "1-0"]
[WhiteElo "2381"]
[BlackElo "2506"]
[Annotator "Tyomkin,D"]
[PlyCount "59"]
[EventDate "1999.08.16"]
[EventType "tourn"]
[EventRounds "7"]
[EventCountry "FRA"]
[EventCategory "11"]
[SourceTitle "CBM 073"]
[Source "ChessBase"]
[SourceDate "1999.12.01"]
[SourceVersion "1"]
[SourceVersionDate "1999.12.01"]
[SourceQuality "1"]

1. d4 {Meulders} e6 2. c4 f5 3. Nc3 Bb4 {Meulders: 'Eine alte Variante, eine
Kreuzung zwischen Holländisch und Nimzo-Indisch.'} 4. e3 (4. Qb3 {Meulders} a5
5. e3 Nf6 6. Bd3 Nc6 7. Nge2 b6 8. O-O O-O 9. a3 Bxc3 10. Nxc3 d6 11. Qc2 Qd7
12. Bd2 Bb7 13. Rad1 Ne7 14. b3 Rae8 15. Bc1 Ng6 16. f3 Qf7 17. Rde1 Qd7 18. h3
Nh5 $11 {Maksimenko,A-Moskalenko,V/Nikolaev 1993/CBM 35/1-0 (41)}) (4. a3 {
Meulders} Bxc3+ 5. bxc3 Nf6 6. e3 b6 7. Nf3 Ba6 8. Bd3 Nc6 9. O-O Na5 10. Qe2
Ne4 11. Bb2 O-O 12. Rad1 Qe7 13. Nd2 Nxd2 14. Rxd2 c5 15. e4 f4 16. e5 f3 17.
Qe4 Qg5 18. g3 Qh6 {Maniocha,M-Keitlinghaus,L/Dortmund 1998/EXT 99/0-1 (28)})
4... Bxc3+ 5. bxc3 Nf6 (5... Nc6 {Meulders} 6. Nf3 Nf6 7. Bd3 b6 8. O-O Bb7 9.
h3 O-O 10. Ba3 Ne7 11. Rb1 Re8 12. c5 Ng6 13. Qe2 Ne4 $11 14. Bxe4 Bxe4 15. Rb3
Qf6 16. Nd2 Bd5 17. c4 Bb7 18. Bb2 Qg5 19. f4 Qe7 20. Qf2 Bc6 $11 {0-1
Loewenthal,J-Buckle,H/London 1851/HCL (58)}) (5... b6 {Meulders} 6. Qf3 Nc6 7.
Qg3 Qe7 8. Qxc7 Ba6 9. c5 Rc8 10. Qd6 Bxf1 11. Kxf1 Qxd6 12. cxd6 Na5 {[%cal
Ga5c4]} 13. Bd2 Nf6 14. f3 Nc4 15. Ke2 Nxd6 16. Nh3 Ke7 17. Nf2 Nb5 18. Rhc1 d5
$15 {1/2-1/2 John,W-Mieses,J/Leipzig 1917/EXT 99 (63)} ({RR} 18... d5 19. c4
dxc4 20. Bb4+ Kd7 21. a4 Nd6 22. Bxd6 Kxd6 23. e4 fxe4 24. fxe4 e5 25. d5 Rc7
26. Ra3 Nh5 27. g3 Nf6 28. Rac3 Rhc8 29. g4 Nd7 30. Rb1 Rc5 31. g5 a6 32. Ng4
b5 33. Ne3 {John,W-Mieses,J/Leipzig 1917/EXT 99/1/2-1/2 (63)})) 6. Bd3 (6. Ba3
{Meulders} b6 7. Bd3 Nc6 8. Nh3 Ba6 9. f3 {[%csl Rc4]} Nh5 10. O-O Qh4 11. c5
Bxd3 12. Qxd3 Ne7 13. c4 O-O 14. d5 Rf7 15. d6 cxd6 16. cxb6 $1 axb6 17. Bxd6 {
[%csl Rb6][%cal Gd6c7,Gd6e7,Gd6h2]} Nc8 18. Be5 $14 {1-0 Chernin,A-Horvath,G/
HUN-chT1 1995/EXT 97 (73)}) 6... d6 (6... O-O 7. Ne2 b6 8. f3 (8. O-O {Meulders
} Bb7 9. Qc2 Nc6 10. Ng3 Ne7 11. f3 g6 {[%csl Re5,Rf4,Rg5,Rg7,Rh6]} 12. e4 Kg7
13. e5 Nfg8 14. Ba3 Rf7 15. f4 Nh6 16. h3 Kh8 17. Be2 Neg8 18. Bf3 $16 {
1/2-1/2 Tarrasch,S-Marotti,D/Trieste 1923/EXT 99 (41)}) 8... Nc6 9. O-O Bb7 10.
e4 fxe4 11. fxe4 {[%cal Ge4e5]} e5 12. Ng3 d6 (12... exd4 $2 13. cxd4 Nxd4 14.
e5 $18) 13. d5 Na5 (13... Ne7 14. Bg5) 14. Nf5 Bc8 15. Bg5 $14 {1/2-1/2
Seirawan,Y-Gurevich,D/USA 1989 (59)}) 7. Qc2 (7. Ba3 {Meulders} Qe7 {[%cal
Ge6e5]} 8. c5 O-O {[%cal Ga3d6]} 9. cxd6 cxd6 10. Ne2 b6 {[%cal Gc8b7,Gb7g2,
Gb7a6]} 11. O-O Ba6 12. c4 Rc8 13. Rc1 Nc6 14. Bxd6 $1 Qxd6 15. c5 {[%csl Ra6]}
bxc5 16. Bxa6 $16 {1-0 Lengyel,L-Szilagyi,P/Budapest 1963/MCL (28)}) 7... O-O
8. Ne2 {'!?' Meulders.} (8. Nf3 c5 9. O-O Nc6 10. e4 cxd4 11. exf5 (11. cxd4 $2
Nb4 12. Qe2 Nxd3 13. Qxd3 fxe4 $19) 11... e5 12. Bd2 (12. cxd4 $4 {Meulders}
Nb4 13. Qc3 Nxd3 14. Qxd3 e4 $19) 12... Qe8 13. Rfe1 e4 {'!?' Meulders.} (13...
dxc3 {Meulders} 14. Bxc3 Qh5 15. c5 {[%csl Rd6,Re5]}) 14. Bxe4 Nxe4 15. Rxe4
Qf7 16. Nxd4 Nxd4 17. Rxd4 Bxf5 18. Qd1 {'+/=' Meulders. Meulders: '1/2-1/2
Knaak,R-Keitlinghaus,L/Dortmund 1990/CBM 18/[Schussler] (39)'} Be6 19. Be3 Bxc4
20. Rxd6 {1/2-1/2 Knaak,R-Keitlinghaus,L/Dortmund 1990/CBM 18/[Schussler] (39)}
) 8... Qe7 $146 {The lack of this move becomes clear later on.The whites plan
is to push f2-f3 and e3-e4.Black will reply on it with c7-c5,Nc6 and on e3-e4-
f5xe4;f3xe4 e6-e5.But then,after d4-d5 black has no place on-e7 for the knight.
In old game(see-8...c5)Pachman had shown the right plan. Meulders: 'Durch den
Abtausch des Bf8 sind die schwarze Felder bei Schwarz ernsthaft geschwächt.
Schwarz will vorgehen mit ...e5. Er muss dafür aber oft erst ...g6 spielen,
wass eine weitere Schwächung der schwarze Felder mittbringt.'} (8... c5 9. O-O
Nc6 10. f3 Bd7 (10... Qc7 {Meulders} 11. Bd2 b6 12. e4 {[%csl Rc4,Rd6]} Na5 13.
Nf4 {[%cal Gf4e6]} Qf7 14. exf5 exf5 15. d5 {[%csl Rc4,Re6,Rf5]} Ne8 {[%cal
Ge8c7,Gc7e6]} 16. Rae1 Nc7 17. Rf2 Bd7 $11 {0-1 Rubinstein,A-Bohatirchuk,F/
Moscow 1925/HCL (39)}) 11. Bd2 Qe8 12. e4 fxe4 13. fxe4 e5 14. d5 Ne7 15. Ng3
Kh8 16. Bg5 Qg6 17. Qd2 h6 18. Bh4 Nfg8 19. Qb2 b6 20. Qa3 Rf4 21. Bxe7 Nxe7 {
1/2-1/2 Geller,E-Pachman,L/Interzonal Goteborg 1955 (21)}) 9. O-O c5 {Meulders:
'Wie im Nimzo-Indisch: die Schwäche c4 wird immobilisiert.'} 10. f3 Nc6 11. Bd2
b6 (11... g6 {Meulders} 12. e4 e5 13. exf5 gxf5 14. Bxf5 Bxf5 15. Qxf5 exd4 16.
Rae1 $16) 12. e4 fxe4 13. fxe4 e5 {'~~' Meulders. Meulders: 'Schwarz hat
seinen Ziel erreicht: die Bauer e4 und c4 sind festgelegt und im Zentrum sind
die schwarze Felder OK. Der Bd3 ist nur ein veredelter Bauer und wegen der
weisse c-Doppelbauer wäre ein Endspiel für Schwarz vorteilhaft. Leider fûr ihn
gibt es noch ein Mittelspiel, mit Druck von Schwerfiguren entlang der f-Linie,
die schreckliche Schwäche auf f5 und das Fehlen des Bf8.'} 14. d5 Na5 {That is
what I had talking about in my note to 8th move of black.Black is going to
gain c4-pawn,but white is creating a strong pressure over f6-point in same
time.} (14... Nd8 {Meulders} 15. Bg5 Nf7 16. Bxf6 gxf6 17. Ng3 Nh6 18. Be2 $16)
15. Ng3 Ba6 {'?' Meulders. Meulders: 'Konsequent, aber der Bc8 hätte für die
Verteidigung des Königsflügels noch gute Dienste leisten können.'} (15... Ng4 {
Meulders} 16. Rxf8+ Qxf8 17. Rf1 Qe7 18. h3 Nh6 (18... Qh4 19. Rf3 Nh6 20. Qc1
Nf7 21. Qf1 Qe7 22. Nh5 Bd7 23. Rg3 g6 24. Qf6 $1 $18) 19. Bxh6 gxh6 20. Nh5
Bd7 21. Qd2 Rf8 22. Qxh6 Rxf1+ 23. Bxf1 Kh8 24. g4 $18) (15... Bd7 $1 {Meulders
} 16. Nf5 Bxf5 17. Rxf5 Ng4 18. Bg5 Qd7 19. Raf1 h6 20. Bc1 Rxf5 21. Rxf5 Rf8
$11) 16. Bg5 {'!' Meulders.} g6 (16... Bxc4 17. Bxc4 Nxc4 18. Qe2 Na5 19. Nh5
$16 {[%cal Gf1f2,Ya1f1]}) (16... h6 {Meulders} 17. Nf5 Qd8 18. Bh4 Bxc4 19.
Bxc4 Nxc4 20. Qd3 b5 21. a4 a6 22. axb5 axb5 23. Qg3 $18) 17. Rf3 {'!'
Meulders.} Qg7 18. Raf1 Nd7 {Black gets rid of the pressure on f6,but now the
weakness of black squares on the kingside has an effect:} 19. Qc1 {[%cal Gg5h6]
'!' Meulders.} Rxf3 20. Rxf3 h5 $4 {'?' Meulders. Meulders: 'Verliert sofort;
der kombinierten Kraft von N, B, R und Q sind zwei P und eine Q nicht
gewachsen.'} (20... Bxc4 21. Bxc4 (21. Bb1 $44 {Meulders} Nb7 $1 (21... h5 $2
22. Nxh5 gxh5 23. Bh6 Qe7 24. Rg3+ Kh7 25. Rg7+ Qxg7 26. Bxg7 Kxg7 27. Qg5+ {
cf. die Partie.}) 22. Bh6 Qe7 23. Bg5 Qe8 24. h4 Nd8 25. h5 Nf7 26. hxg6 hxg6
27. Bh4 Qf8 {und Schwarz lebt.}) 21... Nxc4 22. h4 $1 {[%cal Gh4h5,Yh5h6]
after h4-h5 white will threat h5-h6 forcing black to trap his queen to-h8.
Despite of pawn up,black is in serious trouble.}) {[%tqu "En","Find a way for
white to break blacks position.","","","g3h5","",10]} 21. Nxh5 $3 {[%mdl 64]
'!' Meulders.} gxh5 (21... Qh7 22. Nf6+ Nxf6 23. Bxf6 Rf8 24. Rh3 Qxh3 25. gxh3
Rxf6 26. Qg5 Kg7 27. h4 $1 {[%cal Gh4h5,Gh5h6]} Bxc4 28. Bxc4 Nxc4 29. h5 Kf7
30. h6 $18) 22. Bh6 Qe7 23. Rg3+ Kh7 (23... Kh8 24. Bg7+ {leads to the same.})
24. Rg7+ Qxg7 25. Bxg7 Kxg7 26. Qg5+ {Meulders: 'Materiell ist Schwarz im
Vorteil, aber der ungedeckte Ra8 macht ihn fertig.'} Kf8 27. Qf5+ Ke8 (27...
Ke7 {Meulders} 28. Qe6+ Kd8 (28... Kf8 29. Qxd6+ Ke8 30. Qe6+ Kf8 31. Qxd7 $18)
29. Qg8+) 28. Qxh5+ Ke7 29. Qh7+ Ke8 30. Qg6+ (30. Qg6+ Ke7 31. Qe6+ Kd8 32.
Qg8+) 1-0